000 00478nam a2200169 i 4500
001 70773
003 ES-MaACL
005 20250818063042.0
007 t|
008 040802s1968 sp ||||1| spa d
100 1 _aGarrido, Manuel,
_d1925-2015
_955680
245 1 0 _aRomancero de pasión /
_cManuel Garrido.
260 _aSevilla :
_b[s.n.,
_c1968] (
_fImp. Acrópolis)
300 _a96 p. ;
_c21 cm.
852 _aES-MaACL
_jB-8491
_bR.66419
999 _c70773
_d70773